Online
Catalog

La historia Económica : (Record no. 40133)

MARC details
000 -CABECERA
campo de control de longitud fija 00680nam a2200205 a 4500
001 - NÚMERO DE CONTROL
campo de control 000040643
005 - FECHA Y HORA DE LA ÚLTIMA TRANSACCIÓN
campo de control 20201002034255.0
008 - DATOS DE LONGITUD FIJA--INFORMACIÓN GENERAL
campo de control de longitud fija 130904s2010 sp d 001 0 spa d
020 ## - NÚMERO INTERNACIONAL ESTÁNDAR DEL LIBRO
Número Internacional Estándar del Libro 8477385467
040 ## - FUENTE DE LA CATALOGACIÓN
Centro catalogador/agencia de origen DO-SdBNP
Lengua de catalogación spa
Centro/agencia transcriptor BNPHU
082 ## - NÚMERO DE LA CLASIFICACIÓN DECIMAL DEWEY
Número de clasificación xxx
Número de documento/Ítem xxxx
100 1# - ENTRADA PRINCIPAL--NOMBRE DE PERSONA
Nombre de persona Bustelo, Francisco
9 (RLIN) 67000
245 13 - MENCIÓN DE TÍTULO
Título La historia Económica :
Resto del título una ciencia en construcción. /
Mención de responsabilidad, etc. Francisco Bustelo.
260 ## - PUBLICACIÓN, DISTRIBUCIÓN, ETC.
Lugar de publicación, distribución, etc. Madrid, :
Nombre del editor, distribuidor, etc. Sintesis,
Fecha de publicación, distribución, etc. 2010.
300 ## - DESCRIPCIÓN FÍSICA
Extensión 191 p. ; :
Otras características físicas diag. ;
Dimensiones 21 cm.
490 1# - MENCIÓN DE SERIE
Mención de serie La historia del pensamiento económico
Designación de volumen o secuencia 17
504 ## - NOTA DE BIBLIOGRAFÍA, ETC.
Nota de bibliografía, etc. Bibliografía p: 185-188
500 ## - NOTA GENERAL
Nota general Incluye índice onomástico
830 #0 - PUNTO DE ACCESO ADICIONAL DE SERIE-TÍTULO UNIFORME
Título uniforme Historia del pensamiento económico
Designación de volumen o secuencia 17
9 (RLIN) 67001
Holdings
Estado de retiro Estado de pérdida Restricciones de uso No para préstamo Código de colección Localización permanente Ubicación/localización actual Ubicación en estantería Fecha de adquisición Número de inventario Total de préstamos Signatura topográfica completa Código de barras Fecha visto por última vez Precio válido a partir de Tipo de ítem Koha
        Monografías: Libros y Folletos General General Orden iniciada 04.09.2013 LF1   xxx xxxx 40643-10 25.06.2020 25.06.2020 No se presta

Powered by Koha